000 00852nam a2200277 a 4500
001
003 OSt
005 20211108083440.0
008 091019t1994 dr r 000 e spa d
040 _aDO-SdBNP
_bspa
_cBPMSU
082 _aRD868.44
_bB742t, 1994
_222
100 1 _a Bosch, Juan,
_d1909-2001
_91
245 1 0 _aTextos culturales y literarios /
_cJuan Bosch.
250 _a3a ed.
260 _aSanto Domingo :
_bAlfa & Omega,
_c1994.
300 _a268 p. ;
_c21 cm.
504 _aIncluye referencias bibliográficas y notas al pie de páginas.
590 _6Inventariado, 2021/VM
650 4 _aCultura
_zRepública Dominicana
_xEnsayos, conferencias, etc.
650 4 _aLiteratura dominicana.
650 4 _aCuentos dominicanos
650 4 _aPoesía dominicana
650 4 _aProsa dominicana
910 _a VMateo V.
942 _2ddc
_cBK
999 _c13848
_d13848